00612nam a2200205Ia 4500003000400000005001700004008004100021020001900062040000700081041000800088082001600096100002200112245003300134260004500167300000900212650002200221942001300243999001900256952013100275OSt20251010103749.0250729s2005 xx 000 0 und d a978-8171698110 cAL aeng a372.25 KAMT aKamat H D9222911 aTeaching in secondry schools aNew DelhibCommonwealth Publishersc2005 a280p aEducation9222912 2ddccBED c235665d235665 00104070aALbALd2025-07-29eSita Book Houseg145.00l0o372.25 KAMTpBED00984r2025-07-29 16:54:11v145.00w2025-07-29yBK